000 00964nam a22002657a 4500
999 _c7693
_d7693
003 AR-CdUCM
008 190321b ||||| |||| 00| 0 spa d
040 _aMUNICIPALIDAD PROVINCIAL DEL CUSCO
_cBIBLIOTECA MUNICIPAL DEL CUSCO
082 _a621 /
_bH78
100 _aHoupt, G. L.
_921720
245 _aElementos de Ingenieria Quimica /
260 _aBuenos Aires :
_bCentro Regional de ayuda tecnica,
_bMcGraw-Hill
_c1973.
300 _a267 paginas ;
_bgraficos,
_c22 cm.
505 _aContenido: Quimica Basica -- Electricidad -- Efectos del Calor -- Cantidad de calor -- fuerzas de equilibrio...
650 _aIngenieria
_910043
650 _aQuimica
_94512
650 _aMaquinas
_919799
650 _aElectricidad
_915840
700 _aAbaunza de la escosura, Antonio
_921721
700 _aCalvo Arjona, Jose
_921722
700 _aGarcia Altamirano, Gabriel
_921723
700 _aRojas de Bengardi, Arturo
_921724
942 _2ddc
_cLIBROS
945 _apjha